[Event "COL-ch (Women)"]
[Site "Cartagena"]
[Date "2023.06.11"]
[Round "8"]
[White "Rico Velasco, Juliana Sofia"]
[Black "Nunez Correcha, Daniela"]
[Result "0-1"]
[WhiteElo "1076"]
[BlackElo "1207"]
[PlyCount "40"]
[EventDate "2023.06.08"]
[EventType "swiss"]
[EventRounds "9"]
[EventCountry "COL"]
[SourceTitle "CBM 215 Extra"]
[Source "ChessBase"]
[SourceDate "2023.09.30"]
[SourceVersion "1"]
[SourceVersionDate "2023.09.30"]
[SourceQuality "1"]

1. e4 c5 2. Nf3 e6 3. c4 a6 4. d3 d6 5. Be2 Qc7 6. 0-0 Nf6 7. Re1 Be7 8. Nbd2 0-0 9. Nf1 Bd7 10. Ng3 b5 11. b3 Bc6 12. d4 Nxe4 13. Nxe4 Bxe4 14. Bd3 Bxd3 15. Qxd3 bxc4 16. Qxc4 d5 17. Qd3 cxd4 18. Qxd4 Bf6 19. Qg4 Bxa1 20. Bh6 Bf6 0-1

[Event "Pan American-ch School U15 Girls"]
[Site "Medellin"]
[Date "2019.11.15"]
[Round "6"]
[White "Olier Robayo, Mishelle Dayana"]
[Black "Rico Velasco, Juliana Sofia"]
[Result "1-0"]
[WhiteElo "1389"]
[BlackElo "1104"]
[PlyCount "97"]
[EventDate "2019.11.12"]
[EventType "swiss"]
[EventRounds "9"]
[EventCountry "COL"]
[SourceTitle "CBM 193 Extra"]
[Source "ChessBase"]
[SourceDate "2020.01.31"]
[SourceVersion "1"]
[SourceVersionDate "2020.01.31"]
[SourceQuality "1"]

1. e4 e5 2. Bc4 Nf6 3. d3 Bc5 4. Nf3 Nc6 5. c3 0-0 6. Bb3 Re8 7. 0-0 d6 8. h3 h6 9. Nbd2 Nh5 10. Nc4 Nf6 11. Re1 d5 12. exd5 Nxd5 13. Ncxe5 Nxe5 14. Rxe5 Rxe5 15. Nxe5 Bxf2+ 16. Kxf2 Qf6+ 17. Nf3 Qb6+ 18. d4 Nf6 19. Qe2 Bf5 20. Kg1 Re8 21. Qf2 Qa6 22. Ne5 Be6 23. Bxe6 Qxe6 24. Qh4 c5 25. Bd2 cxd4 26. cxd4 Qa6 27. Ng4 Nxg4 28. Qxg4 b5 29. a3 Qa4 30. Bxh6 g6 31. d5 Qa6 32. Qd4 f6 33. d6 Qb6 34. Qxb6 axb6 35. d7 Rd8 36. Rd1 Kf7 37. Be3 Ke7 38. Bxb6 Rxd7 39. Rxd7+ Kxd7 40. Bd4 f5 41. b3 Kd6 42. a4 b4 43. Bg7 Kd5 44. Bf8 Kc6 45. Bxb4 Kb6 46. a5+ Ka6 47. Kf2 Kb5 48. Kf3 Kc6 49. Kf4 1-0

[Event "Pan American-ch School U15 Girls"]
[Site "Medellin"]
[Date "2019.11.12"]
[Round "1"]
[White "Diaz Charpentier, Kristel Melissa"]
[Black "Rico Velasco, Juliana Sofia"]
[Result "1-0"]
[WhiteElo "1717"]
[BlackElo "1104"]
[PlyCount "57"]
[EventDate "2019.11.12"]
[EventType "swiss"]
[EventRounds "9"]
[EventCountry "COL"]
[SourceTitle "CBM 193 Extra"]
[Source "ChessBase"]
[SourceDate "2020.01.31"]
[SourceVersion "1"]
[SourceVersionDate "2020.01.31"]
[SourceQuality "1"]

1. e4 e5 2. Nf3 Nc6 3. Bc4 Bc5 4. d3 Nf6 5. 0-0 0-0 6. c3 Re8 7. Nbd2 Na5 8. Bb5 Nc6 9. h3 a6 10. Ba4 b5 11. Bc2 d5 12. Re1 Bb7 13. Bb3 Na5 14. Bxd5 Nxd5 15. exd5 Qxd5 16. b4 Bb6 17. bxa5 Bxa5 18. Qc2 Kh8 19. Nb3 Bb6 20. Be3 e4 21. dxe4 Rxe4 22. Bxb6 Rxe1+ 23. Rxe1 cxb6 24. Qd2 Qh5 25. Qe2 f6 26. Nbd4 h6 27. Qe6 Qc5 28. Qd7 Bxf3 29. Ne6 1-0

[Event "COL pre olympic sf3"]
[Site "Cartagena"]
[Date "2019.08.17"]
[Round "7"]
[White "Rodriguez Martinez, Edgar"]
[Black "Rico Velasco, Juliana Sofia"]
[Result "1-0"]
[WhiteElo "1604"]
[BlackElo "1081"]
[PlyCount "61"]
[EventDate "2019.08.14"]
[EventType "swiss"]
[EventRounds "10"]
[EventCountry "COL"]
[SourceTitle "EXT 2020"]
[Source "ChessBase"]
[SourceDate "2019.10.17"]
[SourceVersion "1"]
[SourceVersionDate "2019.10.17"]
[SourceQuality "1"]

1. e4 e5 2. Nf3 Nc6 3. d4 exd4 4. Nxd4 Qf6 5. Nxc6 dxc6 6. Bd3 Bc5 7. 0-0 Ne7 8. Nc3 0-0 9. Be3 Bxe3 10. fxe3 Qh6 11. Qf3 Ng6 12. Qg3 Be6 13. Rae1 Rac8 14. Ne2 c5 15. b3 b5 16. Bxb5 c6 17. Bd3 f6 18. Nf4 Nxf4 19. Qxf4 Qg6 20. Rf3 Qf7 21. e5 fxe5 22. Qxe5 Qe7 23. Rxf8+ Rxf8 24. Bc4 Rf6 25. Bxe6+ Rxe6 26. Qb8+ Kf7 27. Rf1+ Kg6 28. Qg3+ Kh6 29. Qh3+ Kg6 30. Rf3 h6 31. Qf5# 1-0

[Event "COL pre olympic sf3"]
[Site "Cartagena"]
[Date "2019.08.14"]
[Round "1"]
[White "Ocampo Betancur, Cristina Angela"]
[Black "Rico Velasco, Juliana Sofia"]
[Result "1-0"]
[WhiteElo "1971"]
[BlackElo "1081"]
[PlyCount "24"]
[EventDate "2019.08.14"]
[EventType "swiss"]
[EventRounds "10"]
[EventCountry "COL"]
[SourceTitle "EXT 2020"]
[Source "ChessBase"]
[SourceDate "2019.10.17"]
[SourceVersion "1"]
[SourceVersionDate "2019.10.17"]
[SourceQuality "1"]

1. e4 e5 2. Nf3 Nc6 3. Bb5 a6 4. Ba4 Nf6 5. 0-0 b5 6. Bb3 Bc5 7. Re1 0-0 8. c3 Re8 9. d4 Bb6 10. Bg5 d6 11. h3 h6 12. Bh4 Bb7 1-0

[Event "Cartagena zt 2.3 (Women)"]
[Site "Cartagena"]
[Date "2019.07.19"]
[Round "8"]
[White "Rico Velasco, Juliana Sofia"]
[Black "Munoz Rodriguez, Alba Cristal"]
[Result "0-1"]
[WhiteElo "1087"]
[BlackElo "1736"]
[PlyCount "80"]
[EventDate "2019.07.14"]
[EventType "swiss"]
[EventRounds "9"]
[EventCountry "COL"]
[SourceTitle "CBM 191 Extra"]
[Source "ChessBase"]
[SourceDate "2019.09.30"]
[SourceVersion "1"]
[SourceVersionDate "2019.09.30"]
[SourceQuality "1"]

1. e4 c6 2. d4 d5 3. e5 Bf5 4. Bf4 e6 5. Nf3 Nd7 6. Nc3 c5 7. Be2 a6 8. 0-0 cxd4 9. Nxd4 Bg6 10. a3 Qc7 11. Nf3 Ne7 12. Re1 Nc6 13. Bf1 Bh5 14. Be2 Bxf3 15. Bxf3 Ndxe5 16. Bg4 Bd6 17. Bg3 0-0 18. Bh3 Nc4 19. Bxd6 Qxd6 20. Qh5 b5 21. b4 Ne7 22. Rad1 Nxa3 23. Qe2 Qxb4 24. Rd3 Rac8 25. Qe5 Ng6 26. Qg3 d4 27. Qf3 Rxc3 28. Rxc3 Qxc3 29. Qe4 Nxc2 30. Rd1 b4 31. g3 b3 32. Kg2 b2 33. Bxe6 fxe6 34. Qxe6+ Kh8 35. Qxa6 Qf3+ 36. Kg1 Qxd1+ 37. Kg2 Qf3+ 38. Kg1 Qxf2+ 39. Kh1 Ne1 40. Qc4 Qg2# 0-1

[Event "Cartagena zt 2.3 (Women)"]
[Site "Cartagena"]
[Date "2019.07.17"]
[Round "6"]
[White "Rico Velasco, Juliana Sofia"]
[Black "Arosemena, Betty"]
[Result "1/2-1/2"]
[WhiteElo "1087"]
[BlackElo "1545"]
[PlyCount "83"]
[EventDate "2019.07.14"]
[EventType "swiss"]
[EventRounds "9"]
[EventCountry "COL"]
[SourceTitle "CBM 191 Extra"]
[Source "ChessBase"]
[SourceDate "2019.09.30"]
[SourceVersion "1"]
[SourceVersionDate "2019.09.30"]
[SourceQuality "1"]

1. e4 e5 2. Nf3 Nc6 3. Bb5 a6 4. Ba4 Nf6 5. 0-0 b5 6. Bb3 Bc5 7. c3 d6 8. Re1 0-0 9. d4 Bb6 10. Bc2 Re8 11. h3 Bb7 12. d5 Ne7 13. Nbd2 Ng6 14. Nf1 Nh5 15. a4 Nhf4 16. Ng3 Nh4 17. Bxf4 exf4 18. Nf5 Nxf5 19. exf5 Rxe1+ 20. Qxe1 Bxd5 21. Be4 Bxe4 22. Qxe4 Rb8 23. axb5 axb5 24. Qxf4 f6 25. Nd4 Bxd4 26. Qxd4 Kf8 27. Qd5 Qe8 28. Kf1 Qe5 29. Qf3 Re8 30. g3 b4 31. Rc1 Qb5+ 32. Kg2 bxc3 33. Rxc3 c5 34. Qd5 Rd8 35. Rb3 Qe2 36. Rb7 Qe8 37. Kf3 Rd7 38. Rxd7 Qxd7 39. Qa8+ Qe8 40. Qd5 Qb8 41. Kg2 Qd8 42. Kf3 1/2-1/2

[Event "COL-ch sf2 U16"]
[Site "Bocagrande"]
[Date "2019.05.11"]
[Round "5.13"]
[White "Diaz Bermudez, Luis Fernando"]
[Black "Rico Velasco, Juliana Sofia"]
[Result "1/2-1/2"]
[WhiteElo "1462"]
[BlackElo "1063"]
[PlyCount "44"]
[EventDate "2019.05.09"]
[EventType "swiss"]
[EventRounds "6"]
[EventCountry "COL"]
[SourceTitle "EXT 2024"]
[Source "ChessBase"]
[SourceDate "2023.10.10"]
[SourceVersion "1"]
[SourceVersionDate "2023.10.10"]
[SourceQuality "1"]

1. e4 e5 2. Nf3 Nc6 3. Bb5 a6 4. Bxc6 dxc6 5. 0-0 Bg4 6. h3 h5 7. d3 Qf6 8. Nbd2 0-0-0 9. a3 Bc5 10. Qe2 Ne7 11. b4 Bd4 12. Rb1 Ng6 13. Kh2 Nf4 14. Qe1 Nxh3 15. Nxd4 Rxd4 16. gxh3 Qf4+ 17. Kg2 Bxh3+ 18. Kxh3 Qg4+ 19. Kh2 Qh4+ 20. Kg2 Qg4+ 21. Kh2 Qf4+ 22. Kg2 Qg4+ 1/2-1/2